Statistics for Jetpunk Trivia!

Click here to take the quiz!

General Stats

  • This quiz has been taken 21 times
  • The average score is 5 of 10

Answer Stats

QuestionAnswer% Correct
Which is Quizmaster's Real Name?Dan Hostetler
70%
Who is #2 on the leaderboard? (Not including QM.)scambigol
60%
Which game is NOT a Jetpunk Minigame?The Taxman Game
60%
What place is KoljiVriVoda in?7
55%
Which country did Quizmaster NOT visit?Portugal
50%
Which language has a homepage like the English Homepage?Finnish
45%
Which Flag is #1 on the blog post "U.S. State Flags Ranked From Best to Worst"?New Mexico
45%
What type of quiz is the 3rd button in the create quiz tab on?Click Map Quiz
40%
Which fact is he first interesting fact?Technically, Manila is not the most populous city in the Philippines. The neighboring municipality of Quezon City has a higher population.
40%
How many OTHER people can you collaborate with?2
25%

Score Distribution

Percentile by Number Answered

Percent of People with Each Score

Your Score History

You have not taken this quiz